000 00347nam a2200133 i 4500
001 bg
100 1 _aSZANIAWSKI, Andrzej
245 0 _aWymiana ciepła i powolny opływ ustalony wokół rzędu /
_cAndrzej Szaniawski.
260 _aWarszawa,
_c1980.
040 _cBPK
041 _apol
942 _cKS
008 s pl f |000 0 pol
999 _c20829
_d20829
856 _uhttp://koha.tu.koszalin.pl/cgi-bin/koha/opac-detail.pl?biblionumber=20829
_yKatalog online BPK